01452nam a22001937a 4500008004100000020001800041040000800059041000800067100003100075245005300106260003400159300002500193520089300218650003201111650002501143650003701168650003201205651002101237251013b |||||||| |||| 00| 0 eng d a9781250198587 ctbs aeng aWebber, Heather S.eauthor aSouth of the buttonwood tree c/ Heather Webber. aNew York, NY :bForge,c2020. a334 pages ; c22 cm. aBlue Bishop has a knack for finding lost things. While growing up in charming small-town Buttonwood, Alabama, she’s happened across lost wallets, jewelry, pets, her wandering neighbor, and sometimes, trouble. No one is more surprised than Blue, however, when she comes across an abandoned newborn baby in the woods, just south of a very special buttonwood tree. Sarah Grace Landreneau Fulton is at a crossroads. She has always tried so hard to do the right thing, but her own mother would disown her if she ever learned half of Sarah Grace’s secrets. The unexpected discovery of the newborn baby girl will alter Blue’s and Sarah Grace’s lives forever. Both women must fight for what they truly want in life and for who they love. In doing so, they uncover long-held secrets that reveal exactly who they really are—and what they’re willing to sacrifice in the name of family. 0aAbandoned childrenvFiction 0aYoung womenvFiction 0aInterpersonal relationsvFiction 0aCity and town lifevFiction 0aAlabamavFiction